| 000 | 00332nam a2200109Ia 4500 | ||
|---|---|---|---|
| 008 | 210107s9999 xx 000 0 und d | ||
| 100 | _aAlexander Hamilton Institute | ||
| 245 | 0 | _a(The) Manager's Source book : Handling The Problem Employee | |
| 260 |
_aNew York _bAlexander Hamilton Institute |
||
| 300 | _aᄑ.. | ||
| 942 | _cBK | ||
| 999 |
_c11261 _d11261 |
||